Руководство МАГАТЭ по обеспечению безопасности АЭС при проектировании и эксплуатации; Атомная техника за рубежом; № 10

Opis bibliograficzny
Parent link:Атомная техника за рубежом: научно-технический журнал/ Росатом; Государственная корпорация по атомной энергии; Ядерное общество России (ЯОР).— , 1957-.— 0320-9326
№ 10.— 2002.— С. 7-15
1. autor: Исаев А. Н.
Język:rosyjski
Wydane: 2002
Seria:Обзоры
Hasła przedmiotowe:
Format: Rozdział
KOHA link:https://koha.lib.tpu.ru/cgi-bin/koha/opac-detail.pl?biblionumber=384072

MARC

LEADER 00000naa2a2200000 4500
001 384072
005 20231101063216.0
035 |a (RuTPU)RU\TPU\prd\10389 
090 |a 384072 
100 |a 20030204a2002 k y0rusy50 ca 
101 0 |a rus 
102 |a RU 
200 1 |a Руководство МАГАТЭ по обеспечению безопасности АЭС при проектировании и эксплуатации  |f А. Н. Исаев 
225 1 |a Обзоры 
320 |a Библиогр.: 11 назв. 
461 1 |0 (RuTPU)RU\TPU\prd\1300  |x 0320-9326  |t Атомная техника за рубежом  |o научно-технический журнал  |f Росатом; Государственная корпорация по атомной энергии; Ядерное общество России (ЯОР)  |d 1957- 
463 1 |0 (RuTPU)RU\TPU\prd\9184  |t № 10  |v С. 7-15  |d 2002 
610 1 |a руководство МАГАТЭ 
610 1 |a безопасность АЭС 
610 1 |a оценка безопасности 
610 1 |a верификация безопасности 
610 1 |a структура эксплуатирующей организации 
610 1 |a модификации АЭС 
675 |a 621.039.58  |v 3 
700 1 |a Исаев  |b А. Н. 
801 1 |a RU  |b 63413507  |c 20030204  |g PSBO 
801 2 |a RU  |b 63413507  |c 20120420  |g RCR 
942 |c BK